000
00347nam a2200145Ia 4500
003
OSt
005
20231214052538.0
008
170524s9999 xx 000 0 und d
020
_a
9788190738538
040
_c
IIMT UNIVERSITY
100
_a
DEVI- MEENA
245
0
_a
RADIO AND TELEVISION JOURNALISM
260
_b
NEW DELHI: ALPHA
942
_2
ddc
_c
01
999
_c
9435
_d
9435